000 00753nam a22002417a 4500
003 OSt
005 20250711065126.0
008 250711b |||||||| |||| 00| 0 eng d
020 _a9781259922251
040 _aDWCL - Main lib
_cOC
082 _aCirc. 332.1 C387m 2017
100 _aCeccheti, Stephen G.
245 _aMoney, banking, and financial markets/
_cStephen G. Ceccheti
250 _aFifth edition.
260 _aNew York, NY :
_bMcGraw-Hill Education,
_cc2017.
300 _axli, 708 pages :
_b color illustrations ;
_c26 cm.
504 _aIncludes index.
650 _a1. Banks and banking.
650 _a2. Finance.
650 _a3.Money.
700 _aKermit L. Schoenholtz
942 _2ddc
_cBK-CIRC
_eFifth edition.
_kCirc.
_n0
999 _c3626
_d3626